| Tag |
First Indicator |
Second Indicator |
Subfields |
| LEADER |
00000cam a22000004a 4500 |
| 001 |
in00001402023 |
| 005 |
20151020053016.0 |
| 008 |
971029s1997 ncua s000 0 eng d |
| 035 |
|
|
|a (OCoLC)37863310
|
| 035 |
|
|
|9 AHM6704AM
|
| 040 |
|
|
|a IKM
|c IKM
|d TXA
|d UtOrBLW
|
| 049 |
|
|
|a TXAO
|
| 086 |
|
|
|a Z TA245.7 B873 no.1088 1997
|2 txdocs
|
| 100 |
1 |
|
|a Hoelscher, Clifford E.,
|d 1941-
|
| 245 |
1 |
0 |
|a Poultry pest management.
|
| 250 |
|
|
|a 6-97, revision.
|
| 264 |
|
1 |
|a College Station, Tex. :
|b Texas Agricultural Extension Service, Texas A&M University System,
|c 1997.
|
| 300 |
|
|
|a 26 pages :
|b illustrations ;
|c 28 cm.
|
| 336 |
|
|
|a text
|b txt
|2 rdacontent
|
| 337 |
|
|
|a unmediated
|b n
|2 rdamedia
|
| 338 |
|
|
|a volume
|b nc
|2 rdacarrier
|
| 490 |
0 |
|
|a B ;
|v -1088
|
| 500 |
|
|
|a Cover title.
|
| 500 |
|
|
|a "[By] Clifford E. Hoelscher"--P. 3.
|
| 650 |
|
0 |
|a Poultry
|x Parasites
|z Texas.
|
| 650 |
|
0 |
|a Poultry
|x Diseases
|z Texas.
|
| 710 |
2 |
|
|a Texas Agricultural Extension Service.
|
| 999 |
|
|
|a MARS
|
| 999 |
f |
f |
|s 1870cbec-c84f-34b4-87b3-b389cb8a1bb7
|i df95bbc5-f214-3690-94f0-13c4e3a77be0
|t 0
|
| 952 |
f |
f |
|p normal
|a Texas A&M University
|b College Station
|c Sterling C. Evans Library
|d Evans: Texas Documents (Annex 5th floor)
|t 0
|e Z TA245.7 B873 no.1088 1997
|h Other scheme
|i unmediated -- volume
|m A14827527410
|
| 998 |
f |
f |
|a Z TA245.7 B873 no.1088 1997
|t 0
|l Evans: Texas Documents (Annex 5th floor)
|